000 00734cam a22001337a 4500
008 180718b-- xxu||||| |||| 00| 0 eng d
082 _aA42x5421 C
100 _aUttar Pradesh. Legislative Department
245 _aThe Uttar Pradesh code containing regulations and Uttar Pradesh acts and other acts having local application to Uttar Pradesh with alphabetical table and chronological index
250 _a7th ed.
260 _aLucknow
_bThe author
_c--
300 _a5 Vols.
500 _aLibrary has v.1. Bengal regulations and control acts having local application to Uttar Pradesh. 1954. 667+p; v.2. Uttar Pradesh acts A to D. 1955. 687+p; v.3. Uttar Pradesh acts from N to Z. 1955. 746+p; v.5. Uttar Pradesh acts of 1953 and 1954. 308p.
999 _c389966
_d389966